000 00803nam a2200217 u 4500
005 20260324064016.0
008 100205s2004 r 000 0 eng d
020 _a8476586841
035 _aUPN01000174461
049 _aCG
050 4 _aLB1027
_bM3.5
100 1 _aMartínez Boom, Alberto
_929154
245 1 0 _aDe la escuela expansiva a la escuela competitiva :
_bdos modos de modernización educativa en América Latina /
_cAlberto Martínez Boom.
260 _aBarcelona, Esp. :
_bAnthropos,
_c2004.
300 _axv, 459 p.
440 0 _aRepensar la educación desde la actualidad ;
_v5
650 4 _aEDUCACION -
_xINNOVACIONES -
_zAMERICA LATINA
_97516
650 4 _aReforma educativa
_zAmérica Latina
_9506
650 2 _aEducación
_xAspectos sociales
_zAmérica Latina
_97142
905 _aLibro
999 _c146565
_d146565